[Event "BEL-ch op"]
[Site "Namur"]
[Date "2009.07.10"]
[Round "7"]
[White "Baranbo, Mohamed"]
[Black "Uhoda, Philippe"]
[Result "1/2-1/2"]
[WhiteElo "1998"]
[BlackElo "2125"]
[PlyCount "90"]
[EventDate "2009.07.04"]
[EventType "swiss"]
[EventRounds "9"]
[EventCountry "BEL"]
[SourceTitle "EXT 2010"]
[Source "ChessBase"]
[SourceDate "2010.11.25"]
[SourceVersion "1"]
[SourceVersionDate "2010.11.25"]
[SourceQuality "1"]

1. d4 Nf6 2. c4 g6 3. Nc3 Bg7 4. e4 d6 5. f3 0-0 6. Be3 c5 7. dxc5 dxc5 8. Qxd8 Rxd8 9. Bxc5 e6 10. Rd1 Rxd1+ 11. Kxd1 Nfd7 12. Be3 Nc6 13. Nge2 b6 14. a3 Ba6 15. b3 Na5 16. Kc2 Rc8 17. Bd4 Ne5 18. h3 Nac6 19. Be3 b5 20. f4 Nd7 21. cxb5 Bxb5 22. e5 f6 23. Kd2 Bxe2 24. Bxe2 fxe5 25. Bc4 exf4 26. Bxe6+ Kh8 27. Bxf4 Nd4 28. Bxd7 Nxb3+ 29. Ke2 Rxc3 30. a4 h5 31. Rd1 Nd4+ 32. Kf1 Rc4 33. Be3 a5 34. Kf2 Nc2 35. Bb6 Bd4+ 36. Bxd4+ Nxd4 37. Ke3 Nf5+ 38. Bxf5 gxf5 39. Rd5 f4+ 40. Kf3 Rxa4 41. Rxh5+ Kg7 42. Rb5 Kg6 43. Kg4 Ra2 44. Kxf4 Rxg2 45. Rxa5 Rf2+ 1/2-1/2